000 00250nam a2200121Ia 4500
100 _a#N/A
942 _cBK
245 _aJain - Modelling & Simulation using MATLAB - Simulink
260 _b#N/A
082 _b22243
546 _aENGLISH
999 _c18475
_d18475